000 00660nam a2200181Ia 4500
008 090630s9999 xx 000 0 und d
082 _b26484
100 _aजायस्वाल जयनारायण.
245 _aब्लडप्रेशर.
_cजायस्वाल जयनारायण.
260 _bगोपाळ ग्रंथ - पुणे.
300 _a23
600 _aजायस्वाल जयनारायण.
630 _aब्लडप्रेशर.
655 _aइतर.
700 _aजायस्वाल जयनारायण.
730 _aब्लडप्रेशर.
942 _cBOOK
999 _c278340
_d278340